Aldous Huxley Bibliography - Statistics

General Stats
  • This quiz has been taken 28 times
    13 since last reset
  • The average score is 7 of 165
Answer Stats
Type Year Name % Correct
Novel 1932 Brave New World
90%
Screenplay 1932 Brave New World
90%
Novel 1936 Eyeless in Gaza
60%
Screenplay 1971 Eyeless in Gaza
60%
Novel 1962 Island
60%
Novel 1928 Point Counter Point
50%
Essay Collection 1958 Brave New World Revisited
30%
Novel 1921 Crome Yellow
30%
Memoir 1954 The Doors of Perception
30%
Novel 1948 Ape and Essence
20%
Poetry Collection 1971 Collected Poems
20%
Non-Fiction Book 1956 Heaven & Hell
20%
Non-Fiction Book 1953 The Devils of Loudun
20%
Essay Collection 1945 The Perennial Philosophy
20%
Novel 1939 After Many a Summer
10%
Novel 1923 Antic Hay
10%
Short Story Collection 1992 Collected Short Stories
10%
Short Story Collection 1944 Collected Short Stories of Aldous Huxley
10%
Biography 1941 Grey Eminence: A Study in Religion and Politics
10%
Audio Recording 1955 Knowledge and Understanding
10%
Essay 1956 Knowledge and Understanding
10%
Poetry Collection 1920 Leda
10%
Novel 1955 The Genius and the Goddess
10%
Play 1958 The Genius and the Goddess
10%
Novel 1925 Those Barren Leaves
10%
Novel 1944 Time Must Have a Stop
10%
Essay 1941 Action and Contemplation
0%
Essay Collection 1956 Adonis and the Alphabet
0%
Novella 1930 After the Fireworks
0%
Short Story 1930 After the Fireworks
0%
Screenplay 1951 Alice in Wonderland
0%
Essay Collection 1925 Along the Road
0%
Travel Book 1925 Along the Road: Notes and Essays of a Tourist
0%
Essay 1941 An Appreciation
0%
Non-Fiction Book 1937 An Encyclopedia of Pacifism
0%
Essay 1952 A Note on Enlightenment
0%
Essay 1948 A Note on Gandhi
0%
Essay 1954 A Note on Patanjali
0%
Essay 1943 A Note on the Bhagavatam
0%
Poetry Collection 1929 Arabia Infelix and Other Poems
0%
Essay 1949 Art and Religion
0%
Screenplay 1947 A Woman's Vengeance
0%
Travel Book 1934 Beyond the Mexique Bay: A Traveller's Journey
0%
Essay 1958 Brainwashing
0%
Short Story Collection 1930 Brief Candles
0%
Short Story 1930 Chawdron
0%
Essay 1958 Chemical Persuasion
0%
Essay Collection 1958 Collected Essays
0%
Short Story 1920 Cynthia
0%
Essay 1941 Distractions
0%
Essay 1941 Distractions II
0%
Essay Collection 1929 Do What You Will
0%
Essay 1958 Education for Freedom
0%
Essay Collection 1937 Ends and Means (an Enquiry Into the Nature of Ideals and Into the Methods Employed for Their Realization)
0%
Short Story 1920 Eupompus Gave Splendor to Art by Numbers
0%
Short Story 1926 Fairy Godmother
0%
Novelette 1920 Farcical History of Richard Greenow
0%
Short Story 1924 Fard
0%
Essay 1956 Foreward to the Supreme Doctrine
0%
Essay 1950 Forward to an Essay on the Indian Philosophy of Peace
0%
Essay 1944 From a Notebook
0%
Essay 1947 Further Reflections on Progress
0%
Essay 1948 Give Us This Day Our Daily Bread
0%
Essay 1945 God in the World
0%
Short Story 1922 Green Tunnels
0%
Short Story 1926 Half Holiday
0%
Short Story 1992 Half Monday
0%
Short Story 1920 Happily Ever After
0%
Play 1920 Happy Families
0%
Short Story 1924 Hubert and Minnie
0%
Essay 1958 Hypnopaedia
0%
Essay 1943 Idolatry
0%
Short Story 1932 In Bondage to a Central Authority
0%
Screenplay 1997 Jacob's Hands: A Fable
0%
Travel Book 1926 Jesting Pilate: The Diary of a Journey
0%
Poetry Collection 1917 Jonah
0%
Letter Collection 1969 Letters of Aldous Huxley
0%
Short Story Collection 1920 Limbo
0%
Essay 1941 Lines
0%
Non-Fiction Book 1963 Literature and Science
0%
Short Story Collection 1924 Little Mexican
0%
Short Story 1924 Little Mexican
0%
Essay 1942 Man and Reality
0%
Essay Collection 1977 Moksha: Writings on Psychedelics and the Visionary Experience 1931-63
0%
Short Story Collection 1922 Mortal Coils
0%
Play 1948 Mortal Coils - A Play
0%
Essay Collection 1931 Music at Night
0%
Essay 1947 Notes on Zen
0%
Play 2000 Now More Than Ever
0%
Short Story 1922 Nuns at Luncheon
0%
Essay Collection 1960 On Art and Artists
0%
Essay 1944 On a Sentence From Shakespeare
0%
Essay Collection 1923 On the Margin
0%
Essay 1946 Origins and Consequences of Some Contemporary Thought-Patterns
0%
Essay 1958 Over-Organisation
0%
Essay 1958 Overpopulation
0%
Non-Fiction Book 1936 Pacifism and Philosophy
0%
Play 1922 Permutations Among the Nightingales
0%
Screenplay 1950 Prelude to Fame
0%
Essay 1958 Propaganda in a Democratic Society
0%
Essay 1958 Propaganda Under a Dictatorship
0%
Essay Collection 1927 Proper Studies
0%
Essay 1958 Quantity, Quality, Morality
0%
Essay 1942 Readings in Mysticism
0%
Essay 1942 Reflections of the Lord's Prayer
0%
Essay 1942 Reflections of the Lord's Prayer II
0%
Essay 1947 Reflections on Progress
0%
Essay 1943 Religion and Temperament
0%
Essay 1943 Religion and Time
0%
Essay 1946 Science, Liberty and Peace
0%
Letter Collection 2007 Selected Letters
0%
Poetry Collection 1925 Selected Poems
0%
Essay 1943 Seven Meditations
0%
Short Story 1921 Sir Hercules
0%
Essay 1941 Some Reflections of the Lord's Prayer
0%
Essay 1946 Some Reflections on Time
0%
Essay 1958 Subconscious Persuasion
0%
Essay 1952 Substitutes for Liberation
0%
Essay 1960 Symbol and Immediate Experience
0%
Essay Collection 1932 Texts and Pretexts
0%
Essay 1945 That Thou Art
0%
Essay 1945 That Thou Art II
0%
Play 1967 The Ambassador of Captripedia
0%
Non-Fiction Book 1942 The Art of Seeing
0%
Essay 1958 The Arts of Selling
0%
Short Story 1920 The Bookshop
0%
Poetry Collection 1916 The Burning Wheel
0%
Poetry Collection 1931 The Cicadas and Other Poems
0%
Short Story 1930 The Claxtons
0%
Children's Book 1967 The Crows of Pearblossom
0%
Short Story 1920 The Death of Lully
0%
Poetry Collection 1918 The Defeat of Youth and Other Poems
0%
Essay 1954 The Desert
0%
Play 1924 The Discovery
0%
Short Story 1921 The Dwarfs
0%
Novelette 1921 The Gioconda Smile
0%
Short Story 1932 The Hatchery
0%
Essay Collection 1977 The Human Situation: Lectures at Santa Barbara, 1959
0%
Essay 1957 The "Inanimate" is Alive
0%
Essay 1942 The Magical and the Spiritual
0%
Essay Collection 1950 Themes and Variations
0%
Essay 1944 The Minimum Working Hypothesis
0%
Short Story 1926 The Monocle
0%
Essay 1945 The Nature of the Ground
0%
Essay 1945 The Nature of the Ground II
0%
Essay Collection 1936 The Olive Tree and Other Essays
0%
Essay 1944 The Philosophy of the Saints
0%
Non-Fiction Book 1962 The Politics of Ecology
0%
Short Story 1924 The Portrait
0%
Short Story 1930 The Rest Cure
0%
Essay 1946 The Sixth Patriarch
0%
Short Story 1922 The Tillotson Banquet
0%
Play 1931 The World of Light
0%
Essay 1941 The Yellow Mustard
0%
Short Story Collection 1926 Two or Three Graces
0%
Short Story 1926 Two or Three Graces
0%
Short Story 1924 Uncle Spencer
0%
Essay Collection 1930 Vulgarity in Literature
0%
Essay 1958 What Can Be Done?
0%
Audio Recording 1955 Who Are We?
0%
Essay 1955 Who Are We?
0%
Essay 1947 William Law
0%
Essay 1942 Words and Reality
0%
Essay Collection 1940 Words and Their Meanings
0%
Short Story 1924 Young Archimedes
0%
No matching quizzes found
Score Distribution
Percent of People with Each Score
Percentile by Number Answered
Your Score History
You have not taken this quiz since the last reset